000 00498nam a2200181Ia 4500
999 _c7508
_d7508
003 OSt
005 20201118152932.0
008 190216s9999||||xx |||||||||||||| ||und||
020 _a9788127259471
040 _coclc
082 _a657
_bJAI/F
100 _aJain, S P
_91169
245 0 _aFinancial Accounting /
_cS P Jain ; K L Narang
250 _a1st ed.
260 _bKalyani Publisher,
_c2010.
_aNew Delhi:
300 _a510p
942 _cBK
_2ddc
_h657
_iJAI/F
_k657
_mJAI/F